| 000 | 01328cam a2200253 a 4500 | ||
|---|---|---|---|
| 001 | 16228553 | ||
| 003 | OSt | ||
| 005 | 20210505144331.0 | ||
| 008 | 100224s2009 ec a b 000 0 spa d | ||
| 020 | _a9789871300228 | ||
| 040 |
_aAR-BaFGC _cCO-JMCR |
||
| 041 | 0 | _aspa | |
| 082 | 0 | 4 |
_a330.905 / _bS327c _223 |
| 100 | 1 |
_aSierra Castro, Enrique. _eautor _937434 |
|
| 245 | 1 | 0 |
_aCrisis : _beconomía y riqueza planetarias, introducción al siglo XXI / _cEnrique Sierra. |
| 260 |
_aQuito : _bEdarsi ; _aBuenos Aires : _bLibros de la Araucaria, _cc2009. |
||
| 300 |
_a421 páginas : _bilustraciones y gráficas a blanco y negro ; _c23 cm. |
||
| 500 | _aIncluye notas a pie de página. | ||
| 504 | _aBibliografía :páginas 415-419. | ||
| 505 | _aReparto y dominio. -- Pobreza y riqueza. -- ¿Hacía donde va la humanidad?. -- Multinacionales. -- Globalización. -- Comercio libre. -- Recursos y ambiente. -- Ahorro e inversión internos. -- Inversión, deuda y cooperación externas. -- Estado y política. -- Financiamiento presupuestario. -- Tendencias económicas planetarias. --Género femenino. -- Vulnerabilidades. -- Propuestas hegemónicas. -- Alternativas. -- Milenio 2000. -- Problemática de la ejecución. | ||
| 650 | 1 | 4 |
_aHistoria económica. _y1990- _937435 |
| 650 | 2 | 4 |
_aProblemas sociales. _937436 |
| 942 |
_2ddc _cBK |
||
| 999 |
_c11654 _d11654 |
||